| 000 | 00935cad a22002655a 4500 | ||
|---|---|---|---|
| 001 | L159868 | ||
| 008 | 150226s2018 xxk f 000 0 eng d | ||
| 035 | _a(Sirsi) u159868 | ||
| 041 | 0 | _aeng | |
| 100 | 1 | _aShepard, Wade | |
| 245 | 0 | 0 | _aHow to shape a megaregion |
| 260 | _c2018 | ||
| 490 |
_aModus _vApril 2018, 16-24 (9) |
||
| 520 | _aA three part investigation into the rise of the "megaregion", viewed through the prism of China's explosive growth rate, demographic shifts in California and devolution in northern England. Think big ... no, bigger looks at Chinese vast, interconnected districs and the planning strategy behind them. Cash in the | ||
| 590 | _aKA | ||
| 650 | 2 | 4 | _aMEGA-CITIES |
| 650 | 2 | 4 | _aTRANSPORT |
| 650 | 2 | 4 | _aMIGRATION |
| 650 | 2 | 4 | _aPROPERTY PRICES |
| 690 |
_aInfrastructure _96246 |
||
| 700 | 1 | _aSpreeuwers, Brechtje | |
| 700 | 1 | _aScruggs, Gregory | |
| 700 | 1 | _aRoss, Matt | |
| 942 |
_n0 _2ddc |
||
| 999 |
_c85031 _d85031 |
||